[Event "Chessable Masters - Torneo preliminare"]
[White "Le, Tuan Minh"]
[Black "Perez Ponsa, Federico"]
[WhiteFideId "12401153"]
[BlackFideId "117927"]
[WhiteElo "2489"]
[BlackElo "2586"]
[Result "1-0"]
[Round "4"]
[TimeControl "600+2"]
[Date "2023.03.13"]
[WhiteClock "0:00:14"]
[BlackClock "0:03:02"]

1. d4 {[%clk 0:09:53]}  Nf6 {[%clk 0:09:50]} 2. Nf3 {[%clk 0:09:47]}  g6 {[%clk 0:09:52]} 3. c4 {[%clk 0:09:42]}  Bg7 {[%clk 0:09:53]} 4. g3 {[%clk 0:09:43]}  O-O {[%clk 0:09:54]} 5. Bg2 {[%clk 0:09:45]}  d6 {[%clk 0:09:56]} 6. O-O {[%clk 0:09:46]}  Nc6 {[%clk 0:09:57]} 7. Nc3 {[%clk 0:09:44]}  e5 {[%clk 0:09:59]} 8. h3 {[%clk 0:09:46]}  exd4 {[%clk 0:09:59]} 9. Nxd4 {[%clk 0:09:46]}  Nxd4 {[%clk 0:10:00]} 10. Qxd4 {[%clk 0:09:47]}  Be6 {[%clk 0:10:02]} 11. Qd3 {[%clk 0:09:44]}  Nd7 {[%clk 0:10:02]} 12. b3 {[%clk 0:08:22]}  Nc5 {[%clk 0:09:14]} 13. Qd2 {[%clk 0:08:22]}  Qd7 {[%clk 0:09:02]} 14. Kh2 {[%clk 0:08:03]}  f5 {[%clk 0:08:56]} 15. Bb2 {[%clk 0:07:50]}  f4 {[%clk 0:08:39]} 16. Nd5 {[%clk 0:05:58]}  fxg3+ {[%clk 0:08:14]} 17. fxg3 {[%clk 0:05:57]}  Bxd5 {[%clk 0:07:35]} 18. Qxd5+ {[%clk 0:05:46]}  Kh8 {[%clk 0:07:36]} 19. Bxg7+ {[%clk 0:05:46]}  Qxg7 {[%clk 0:07:36]} 20. b4 {[%clk 0:05:47]}  c6 {[%clk 0:07:16]} 21. Qxd6 {[%clk 0:05:40]}  Na4 {[%clk 0:07:01]} 22. Rxf8+ {[%clk 0:05:39]}  Rxf8 {[%clk 0:07:00]} 23. Rf1 {[%clk 0:05:37]}  Re8 {[%clk 0:06:57]} 24. e4 {[%clk 0:05:16]}  Nc3 {[%clk 0:06:42]} 25. a3 {[%clk 0:04:38]}  h5 {[%clk 0:06:20]} 26. Rf4 {[%clk 0:02:19]}  Kh7 {[%clk 0:05:58]} 27. h4 {[%clk 0:02:19]}  Re7 {[%clk 0:05:51]} 28. Bf3 {[%clk 0:01:56]}  Rd7 {[%clk 0:05:42]} 29. Qb8 {[%clk 0:01:47]}  Rd2+ {[%clk 0:05:27]} 30. Bg2 {[%clk 0:01:27]}  Nd1 {[%clk 0:04:55]} 31. Qe8 {[%clk 0:01:20]}  Rd7 {[%clk 0:04:27]} 32. Rf3 {[%clk 0:00:23]}  Re7 {[%clk 0:04:09]} 33. Qd8 {[%clk 0:00:24]}  Rd7 {[%clk 0:04:04]} 34. Qg5 {[%clk 0:00:25]}  Nc3 {[%clk 0:03:52]} 35. e5 {[%clk 0:00:12]}  Ne4 {[%clk 0:03:45]} 36. Qe3 {[%clk 0:00:12]}  Nd2 {[%clk 0:03:36]} 37. Rf4 {[%clk 0:00:14]}  Qe7 {[%clk 0:03:00]} 38. e6 {[%clk 0:00:13]}  Rd6 {[%clk 0:03:02]} 39. Rf7+ {[%clk 0:00:14]} 1-0


[Site "Internet"]

[Event "Chessable Masters - Torneo preliminare"]
[White "Smirnov, Pavel"]
[Black "Aditya, Mittal"]
[WhiteFideId "4123425"]
[BlackFideId "35042025"]
[WhiteElo "2470"]
[BlackElo "2386"]
[Result "1/2-1/2"]
[Round "4"]
[TimeControl "600+2"]
[Date "2023.03.13"]
[WhiteClock "0:02:45"]
[BlackClock "0:01:12"]

1. d4 {[%clk 0:09:56]}  Nf6 {[%clk 0:10:00]} 2. c4 {[%clk 0:09:56]}  e6 {[%clk 0:10:02]} 3. g3 {[%clk 0:09:56]}  d5 {[%clk 0:10:03]} 4. Nf3 {[%clk 0:09:55]}  dxc4 {[%clk 0:10:04]} 5. Bg2 {[%clk 0:09:56]}  Nc6 {[%clk 0:10:06]} 6. Qa4 {[%clk 0:09:55]}  Bb4+ {[%clk 0:10:07]} 7. Bd2 {[%clk 0:09:56]}  Nd5 {[%clk 0:10:09]} 8. Bxb4 {[%clk 0:09:54]}  Nxb4 {[%clk 0:10:09]} 9. O-O {[%clk 0:09:54]}  Rb8 {[%clk 0:09:51]} 10. Na3 {[%clk 0:09:52]}  O-O {[%clk 0:09:47]} 11. Qb5 {[%clk 0:09:50]}  b6 {[%clk 0:09:42]} 12. Qxc4 {[%clk 0:09:50]}  Ba6 {[%clk 0:09:44]} 13. Nb5 {[%clk 0:09:51]}  Qd5 {[%clk 0:09:46]} 14. Qxd5 {[%clk 0:09:50]}  Nxd5 {[%clk 0:09:47]} 15. a4 {[%clk 0:09:49]}  Bb7 {[%clk 0:09:49]} 16. Rac1 {[%clk 0:08:39]}  a6 {[%clk 0:09:48]} 17. Nc3 {[%clk 0:08:37]}  Ndb4 {[%clk 0:09:44]} 18. Rfd1 {[%clk 0:08:33]}  Rfd8 {[%clk 0:09:40]} 19. e4 {[%clk 0:08:32]}  Na5 {[%clk 0:09:28]} 20. b3 {[%clk 0:07:53]}  c5 {[%clk 0:09:04]} 21. dxc5 {[%clk 0:07:45]}  bxc5 {[%clk 0:09:03]} 22. Rb1 {[%clk 0:07:03]}  Rxd1+ {[%clk 0:08:52]} 23. Rxd1 {[%clk 0:07:02]}  Nxb3 {[%clk 0:08:53]} 24. Ne5 {[%clk 0:07:03]}  f6 {[%clk 0:08:31]} 25. Bh3 {[%clk 0:06:16]}  Nd4 {[%clk 0:07:49]} 26. Nd7 {[%clk 0:06:17]}  Rc8 {[%clk 0:07:37]} 27. Nxc5 {[%clk 0:06:13]}  Nf3+ {[%clk 0:06:44]} 28. Kg2 {[%clk 0:06:14]}  Rxc5 {[%clk 0:06:46]} 29. Rd8+ {[%clk 0:06:05]}  Kf7 {[%clk 0:06:47]} 30. Rd7+ {[%clk 0:06:06]}  Kg6 {[%clk 0:06:33]} 31. Rxb7 {[%clk 0:06:07]}  Rxc3 {[%clk 0:06:31]} 32. Rxb4 {[%clk 0:06:06]}  Ne1+ {[%clk 0:05:39]} 33. Kf1 {[%clk 0:06:07]}  Nd3 {[%clk 0:05:41]} 34. Rd4 {[%clk 0:05:38]}  Nc5 {[%clk 0:05:19]} 35. f4 {[%clk 0:05:31]}  Kf7 {[%clk 0:04:16]} 36. Rd6 {[%clk 0:05:11]}  e5 {[%clk 0:03:18]} 37. fxe5 {[%clk 0:04:49]}  fxe5 {[%clk 0:03:20]} 38. Rc6 {[%clk 0:04:30]}  a5 {[%clk 0:03:11]} 39. Rc7+ {[%clk 0:04:05]}  Kf6 {[%clk 0:03:12]} 40. Ra7 {[%clk 0:04:01]}  Rc1+ {[%clk 0:02:59]} 41. Kg2 {[%clk 0:03:55]}  Nxe4 {[%clk 0:02:38]} 42. Ra6+ {[%clk 0:03:52]}  Kg5 {[%clk 0:02:21]} 43. Rxa5 {[%clk 0:03:52]}  Rc2+ {[%clk 0:02:22]} 44. Kf3 {[%clk 0:03:13]}  Nc5 {[%clk 0:01:49]} 45. Bf1 {[%clk 0:03:12]}  Rc3+ {[%clk 0:01:40]} 46. Ke2 {[%clk 0:03:08]}  Kf5 {[%clk 0:01:32]} 47. Kd2 {[%clk 0:02:53]}  Ne4+ {[%clk 0:01:32]} 48. Kd1 {[%clk 0:02:54]}  Nc5 {[%clk 0:01:13]} 49. Kd2 {[%clk 0:02:52]}  Ne4+ {[%clk 0:01:14]} 50. Kd1 {[%clk 0:02:53]}  Nc5 {[%clk 0:01:12]} 51. Kd2 {[%clk 0:02:45]} 1/2-1/2


[Site "Internet"]

[Event "Chessable Masters - Torneo preliminare"]
[White "Oparin, Grigoriy"]
[Black "Kosteniuk, Alexandra"]
[WhiteFideId "24125890"]
[BlackFideId "4128125"]
[WhiteElo "2650"]
[BlackElo "2524"]
[Result "1-0"]
[Round "4"]
[TimeControl "600+2"]
[Date "2023.03.13"]
[WhiteClock "0:00:28"]
[BlackClock "0:00:06"]

1. d4 {[%clk 0:10:01]}  Nf6 {[%clk 0:10:00]} 2. c4 {[%clk 0:10:03]}  e6 {[%clk 0:10:01]} 3. Nf3 {[%clk 0:10:04]}  d5 {[%clk 0:10:02]} 4. g3 {[%clk 0:10:05]}  dxc4 {[%clk 0:10:02]} 5. Bg2 {[%clk 0:10:06]}  Nc6 {[%clk 0:10:00]} 6. Qa4 {[%clk 0:10:05]}  Bb4+ {[%clk 0:10:00]} 7. Nc3 {[%clk 0:10:00]}  Bd7 {[%clk 0:08:55]} 8. Qc2 {[%clk 0:09:56]}  O-O {[%clk 0:08:39]} 9. O-O {[%clk 0:09:57]}  Rb8 {[%clk 0:08:25]} 10. Rd1 {[%clk 0:09:44]}  b5 {[%clk 0:07:49]} 11. e4 {[%clk 0:09:29]}  Be7 {[%clk 0:07:36]} 12. a3 {[%clk 0:09:11]}  Na5 {[%clk 0:06:26]} 13. Bf4 {[%clk 0:08:31]}  Nb3 {[%clk 0:06:16]} 14. Rab1 {[%clk 0:08:32]}  Qc8 {[%clk 0:06:00]} 15. Qe2 {[%clk 0:07:46]}  h6 {[%clk 0:05:19]} 16. d5 {[%clk 0:07:32]}  exd5 {[%clk 0:04:57]} 17. e5 {[%clk 0:07:33]}  Nh7 {[%clk 0:04:49]} 18. Nxd5 {[%clk 0:07:32]}  Bd8 {[%clk 0:04:14]} 19. Nd2 {[%clk 0:05:43]}  Bg4 {[%clk 0:03:54]} 20. f3 {[%clk 0:05:44]}  Nxd2 {[%clk 0:03:19]} 21. Rxd2 {[%clk 0:05:45]}  Bf5 {[%clk 0:03:17]} 22. Rbd1 {[%clk 0:05:38]}  Bd3 {[%clk 0:03:14]} 23. Qf2 {[%clk 0:05:30]}  a5 {[%clk 0:02:57]} 24. Bf1 {[%clk 0:05:18]}  Bg6 {[%clk 0:02:41]} 25. h4 {[%clk 0:05:01]}  c6 {[%clk 0:02:34]} 26. Nc3 {[%clk 0:05:02]}  Bb6 {[%clk 0:02:28]} 27. Be3 {[%clk 0:05:03]}  Bxe3 {[%clk 0:02:25]} 28. Qxe3 {[%clk 0:05:05]}  Re8 {[%clk 0:02:26]} 29. Rd6 {[%clk 0:04:20]}  Qf5 {[%clk 0:02:05]} 30. g4 {[%clk 0:03:49]}  Qc8 {[%clk 0:01:43]} 31. Qc5 {[%clk 0:03:31]}  Nf8 {[%clk 0:01:33]} 32. h5 {[%clk 0:03:04]}  Bc2 {[%clk 0:01:34]} 33. R1d2 {[%clk 0:03:04]}  Bh7 {[%clk 0:01:10]} 34. Rxc6 {[%clk 0:01:50]}  Qb7 {[%clk 0:01:11]} 35. Nd5 {[%clk 0:01:50]}  Ne6 {[%clk 0:01:09]} 36. Qb6 {[%clk 0:01:52]}  Qxb6+ {[%clk 0:00:14]} 37. Nxb6 {[%clk 0:01:53]}  Nf4 {[%clk 0:00:12]} 38. Nd7 {[%clk 0:01:45]}  Rbd8 {[%clk 0:00:11]} 39. Rd4 {[%clk 0:01:32]}  Ne6 {[%clk 0:00:08]} 40. Rdd6 {[%clk 0:01:27]}  Ng5 {[%clk 0:00:04]} 41. Kf2 {[%clk 0:01:25]}  Ne6 {[%clk 0:00:03]} 42. Rb6 {[%clk 0:01:24]}  Nf4 {[%clk 0:00:02]} 43. Kg3 {[%clk 0:01:13]}  Nd3 {[%clk 0:00:03]} 44. Bxd3 {[%clk 0:01:14]}  Bxd3 {[%clk 0:00:04]} 45. Rxb5 {[%clk 0:01:15]}  Kh8 {[%clk 0:00:04]} 46. Rxa5 {[%clk 0:01:12]}  Re7 {[%clk 0:00:05]} 47. Rad5 {[%clk 0:01:13]}  Rc8 {[%clk 0:00:06]} 48. Nb6 {[%clk 0:01:13]}  Rcc7 {[%clk 0:00:07]} 49. Kf4 {[%clk 0:01:07]}  Kh7 {[%clk 0:00:09]} 50. a4 {[%clk 0:01:07]}  Ra7 {[%clk 0:00:09]} 51. a5 {[%clk 0:01:09]}  Rec7 {[%clk 0:00:07]} 52. Ke3 {[%clk 0:00:54]}  Bf1 {[%clk 0:00:08]} 53. Kf2 {[%clk 0:00:39]}  Bd3 {[%clk 0:00:08]} 54. f4 {[%clk 0:00:29]}  Rcb7 {[%clk 0:00:04]} 55. Rc5 {[%clk 0:00:27]}  Rc7 {[%clk 0:00:04]} 56. Rxc7 {[%clk 0:00:28]}  Rxc7 {[%clk 0:00:05]} 57. Nd5 {[%clk 0:00:29]}  Rc5 {[%clk 0:00:06]} 58. a6 {[%clk 0:00:29]}  Ra5 {[%clk 0:00:08]} 59. Nc3 {[%clk 0:00:27]}  Ra1 {[%clk 0:00:07]} 60. Ke3 {[%clk 0:00:27]}  g6 {[%clk 0:00:07]} 61. hxg6+ {[%clk 0:00:27]}  Kg7 {[%clk 0:00:06]} 62. gxf7 {[%clk 0:00:28]} 1-0


[Site "Internet"]

[Event "Chessable Masters - Torneo preliminare"]
[White "Meier, Georg"]
[Black "Mikaelyan, Arman"]
[WhiteFideId "4675789"]
[BlackFideId "13304852"]
[WhiteElo "2624"]
[BlackElo "2456"]
[Result "1-0"]
[Round "4"]
[TimeControl "600+2"]
[Date "2023.03.13"]
[WhiteClock "0:02:11"]
[BlackClock "0:00:04"]

1. Nf3 {[%clk 0:10:01]}  Nf6 {[%clk 0:09:48]} 2. g3 {[%clk 0:10:03]}  g6 {[%clk 0:09:38]} 3. Bg2 {[%clk 0:10:04]}  Bg7 {[%clk 0:09:38]} 4. O-O {[%clk 0:10:05]}  O-O {[%clk 0:09:34]} 5. d4 {[%clk 0:10:07]}  d5 {[%clk 0:08:47]} 6. c4 {[%clk 0:10:07]}  dxc4 {[%clk 0:08:34]} 7. Na3 {[%clk 0:10:08]}  c5 {[%clk 0:08:26]} 8. dxc5 {[%clk 0:10:05]}  c3 {[%clk 0:06:50]} 9. Nb5 {[%clk 0:10:05]}  Na6 {[%clk 0:06:28]} 10. Nxc3 {[%clk 0:10:03]}  Nxc5 {[%clk 0:06:26]} 11. Be3 {[%clk 0:10:05]}  Nfe4 {[%clk 0:06:10]} 12. Nxe4 {[%clk 0:10:06]}  Nxe4 {[%clk 0:06:12]} 13. Bd4 {[%clk 0:10:07]}  Bxd4 {[%clk 0:05:04]} 14. Qxd4 {[%clk 0:10:09]}  Qxd4 {[%clk 0:05:02]} 15. Nxd4 {[%clk 0:10:11]}  Nd6 {[%clk 0:05:04]} 16. Rfc1 {[%clk 0:10:12]}  Bg4 {[%clk 0:03:58]} 17. f3 {[%clk 0:08:20]}  Bd7 {[%clk 0:03:57]} 18. Rc7 {[%clk 0:08:17]}  Rfd8 {[%clk 0:03:55]} 19. f4 {[%clk 0:08:18]}  Rac8 {[%clk 0:03:37]} 20. Rac1 {[%clk 0:08:16]}  Ne8 {[%clk 0:02:35]} 21. Rxc8 {[%clk 0:08:09]}  Rxc8 {[%clk 0:02:31]} 22. Rxc8 {[%clk 0:08:07]}  Bxc8 {[%clk 0:02:33]} 23. Nb5 {[%clk 0:04:57]}  a5 {[%clk 0:02:00]} 24. Na7 {[%clk 0:04:57]}  Be6 {[%clk 0:01:47]} 25. Bxb7 {[%clk 0:04:57]}  Bxa2 {[%clk 0:00:56]} 26. Nc6 {[%clk 0:04:53]}  a4 {[%clk 0:00:57]} 27. Nxe7+ {[%clk 0:04:49]}  Kf8 {[%clk 0:00:59]} 28. Bd5 {[%clk 0:04:43]}  Bb1 {[%clk 0:00:32]} 29. Nc8 {[%clk 0:04:29]}  Nc7 {[%clk 0:00:28]} 30. Bc6 {[%clk 0:04:28]}  Bc2 {[%clk 0:00:27]} 31. Nb6 {[%clk 0:04:28]}  Ke7 {[%clk 0:00:25]} 32. Bxa4 {[%clk 0:04:16]}  Bb1 {[%clk 0:00:26]} 33. Bb3 {[%clk 0:03:49]}  Nb5 {[%clk 0:00:24]} 34. Nd5+ {[%clk 0:03:49]}  Kd6 {[%clk 0:00:23]} 35. Nc3 {[%clk 0:03:51]}  Nxc3 {[%clk 0:00:21]} 36. bxc3 {[%clk 0:03:51]}  f6 {[%clk 0:00:23]} 37. Kf2 {[%clk 0:03:43]}  Kc5 {[%clk 0:00:22]} 38. Kf3 {[%clk 0:03:33]}  h6 {[%clk 0:00:22]} 39. e4 {[%clk 0:02:33]}  g5 {[%clk 0:00:16]} 40. Bd5 {[%clk 0:02:26]}  Kd6 {[%clk 0:00:16]} 41. Kg4 {[%clk 0:02:18]}  Bd3 {[%clk 0:00:13]} 42. Kf5 {[%clk 0:02:12]}  Ke7 {[%clk 0:00:12]} 43. Kg6 {[%clk 0:02:13]}  gxf4 {[%clk 0:00:05]} 44. gxf4 {[%clk 0:02:13]}  Be2 {[%clk 0:00:04]} 45. Kxh6 {[%clk 0:02:11]} 1-0


[Site "Internet"]

[Event "Chessable Masters - Torneo preliminare"]
[White "Cardoso Cardoso, Jose Gabriel"]
[Black "Sarana, Alexey"]
[WhiteFideId "4430492"]
[BlackFideId "24133795"]
[WhiteElo "2425"]
[BlackElo "2643"]
[Result "0-1"]
[Round "4"]
[TimeControl "600+2"]
[Date "2023.03.13"]
[WhiteClock "0:00:03"]
[BlackClock "0:05:30"]

1. d4 {[%clk 0:10:01]}  Nf6 {[%clk 0:10:01]} 2. c4 {[%clk 0:10:01]}  e6 {[%clk 0:10:02]} 3. Nc3 {[%clk 0:10:02]}  Bb4 {[%clk 0:10:01]} 4. e3 {[%clk 0:10:02]}  d5 {[%clk 0:10:01]} 5. Nf3 {[%clk 0:09:57]}  O-O {[%clk 0:10:02]} 6. Bd2 {[%clk 0:09:56]}  b6 {[%clk 0:10:01]} 7. cxd5 {[%clk 0:09:54]}  exd5 {[%clk 0:10:03]} 8. Rc1 {[%clk 0:09:54]}  Bb7 {[%clk 0:10:02]} 9. Bd3 {[%clk 0:09:48]}  Nbd7 {[%clk 0:10:03]} 10. Nb5 {[%clk 0:08:35]}  Bxd2+ {[%clk 0:10:03]} 11. Qxd2 {[%clk 0:08:28]}  c5 {[%clk 0:10:04]} 12. b3 {[%clk 0:08:03]}  Ne4 {[%clk 0:09:47]} 13. Qe2 {[%clk 0:08:02]}  Ndf6 {[%clk 0:09:46]} 14. O-O {[%clk 0:07:59]}  Qe7 {[%clk 0:09:47]} 15. Ne5 {[%clk 0:07:53]}  Rfc8 {[%clk 0:09:27]} 16. f3 {[%clk 0:07:40]}  Nd6 {[%clk 0:09:24]} 17. Nxd6 {[%clk 0:07:39]}  Qxd6 {[%clk 0:09:26]} 18. Qd2 {[%clk 0:07:29]}  Rc7 {[%clk 0:09:26]} 19. Rc2 {[%clk 0:07:25]}  Rac8 {[%clk 0:09:25]} 20. Rfc1 {[%clk 0:07:26]}  g6 {[%clk 0:09:26]} 21. Bf1 {[%clk 0:07:04]}  Kg7 {[%clk 0:09:22]} 22. Qf2 {[%clk 0:06:20]}  Ng8 {[%clk 0:09:19]} 23. Qd2 {[%clk 0:05:30]}  Ne7 {[%clk 0:09:18]} 24. Bd3 {[%clk 0:05:16]}  h5 {[%clk 0:09:08]} 25. f4 {[%clk 0:05:04]}  Rd8 {[%clk 0:08:21]} 26. Qf2 {[%clk 0:04:43]}  Bc8 {[%clk 0:08:21]} 27. Rc3 {[%clk 0:04:10]}  Be6 {[%clk 0:08:19]} 28. Qb2 {[%clk 0:03:56]}  f6 {[%clk 0:08:16]} 29. Nxg6 {[%clk 0:03:39]}  Nxg6 {[%clk 0:08:16]} 30. f5 {[%clk 0:03:40]}  Bxf5 {[%clk 0:07:57]} 31. Bxf5 {[%clk 0:03:40]}  Ne7 {[%clk 0:07:59]} 32. Qf2 {[%clk 0:03:27]}  Rc6 {[%clk 0:07:52]} 33. Bb1 {[%clk 0:02:45]}  Rdc8 {[%clk 0:06:37]} 34. Qc2 {[%clk 0:02:46]}  f5 {[%clk 0:06:38]} 35. Qd2 {[%clk 0:02:36]}  Qf6 {[%clk 0:06:36]} 36. dxc5 {[%clk 0:01:38]}  Rxc5 {[%clk 0:06:38]} 37. Rxc5 {[%clk 0:01:37]}  Rxc5 {[%clk 0:06:40]} 38. Rf1 {[%clk 0:01:36]}  Rc6 {[%clk 0:06:11]} 39. Qe2 {[%clk 0:01:28]}  Qg5 {[%clk 0:06:10]} 40. Qb2+ {[%clk 0:01:12]}  Qf6 {[%clk 0:06:11]} 41. Qe2 {[%clk 0:01:12]}  Qe5 {[%clk 0:06:12]} 42. Qf2 {[%clk 0:00:50]}  Re6 {[%clk 0:06:00]} 43. h4 {[%clk 0:00:23]}  Kg6 {[%clk 0:05:51]} 44. Kh1 {[%clk 0:00:20]}  a5 {[%clk 0:05:50]} 45. Qf3 {[%clk 0:00:17]}  Kh6 {[%clk 0:05:33]} 46. Re1 {[%clk 0:00:16]}  Rg6 {[%clk 0:05:34]} 47. Qf4+ {[%clk 0:00:16]}  Qxf4 {[%clk 0:05:32]} 48. exf4 {[%clk 0:00:18]}  Nc6 {[%clk 0:05:33]} 49. Bxf5 {[%clk 0:00:18]}  Rf6 {[%clk 0:05:35]} 50. Bb1 {[%clk 0:00:13]}  d4 {[%clk 0:05:30]} 51. g3 {[%clk 0:00:11]}  Rd6 {[%clk 0:05:31]} 52. Kg2 {[%clk 0:00:09]}  Kg7 {[%clk 0:05:29]} 53. Kf3 {[%clk 0:00:08]}  Nb4 {[%clk 0:05:31]} 54. a3 {[%clk 0:00:08]}  Nd5 {[%clk 0:05:31]} 55. Rc1 {[%clk 0:00:06]}  Nc3 {[%clk 0:05:32]} 56. Bf5 {[%clk 0:00:05]}  Kf6 {[%clk 0:05:33]} 57. Bd3 {[%clk 0:00:03]}  Re6 {[%clk 0:05:34]} 58. Kf2 {[%clk 0:00:05]}  Re3 {[%clk 0:05:35]} 59. Rxc3 {[%clk 0:00:06]}  Ke7 {[%clk 0:05:32]} 60. b4 {[%clk 0:00:03]}  a4 {[%clk 0:05:33]} 61. Rc7+ {[%clk 0:00:02]}  Kd6 {[%clk 0:05:33]} 62. Rc8 {[%clk 0:00:03]}  Rxd3 {[%clk 0:05:34]} 63. f5 {[%clk 0:00:04]}  Ke5 {[%clk 0:05:35]} 64. f6 {[%clk 0:00:03]}  Kxf6 {[%clk 0:05:36]} 65. Rc6+ {[%clk 0:00:04]}  Kf5 {[%clk 0:05:36]} 66. Rxb6 {[%clk 0:00:06]}  Rxa3 {[%clk 0:05:37]} 67. Rd6 {[%clk 0:00:03]}  Rd3 {[%clk 0:05:23]} 68. b5 {[%clk 0:00:04]}  a3 {[%clk 0:05:24]} 69. Ra6 {[%clk 0:00:03]}  Rb3 {[%clk 0:05:23]} 70. b6 {[%clk 0:00:04]}  Ke4 {[%clk 0:05:24]} 71. b7 {[%clk 0:00:05]}  Rxb7 {[%clk 0:05:26]} 72. Rxa3 {[%clk 0:00:06]}  Rb2+ {[%clk 0:05:27]} 73. Kf1 {[%clk 0:00:05]}  d3 {[%clk 0:05:27]} 74. Ra8 {[%clk 0:00:04]}  Rb1+ {[%clk 0:05:27]} 75. Kf2 {[%clk 0:00:04]}  d2 {[%clk 0:05:29]} 76. Re8+ {[%clk 0:00:03]}  Kf5 {[%clk 0:05:30]} 0-1


[Site "Internet"]

[Event "Chessable Masters - Torneo preliminare"]
[White "Yu, Yangyi"]
[Black "Vallejo Pons, Francisco"]
[WhiteFideId "8603820"]
[BlackFideId "2205530"]
[WhiteElo "2734"]
[BlackElo "2662"]
[Result "1-0"]
[Round "4"]
[TimeControl "600+2"]
[Date "2023.03.13"]
[WhiteClock "0:04:39"]
[BlackClock "0:02:30"]

1. Nf3 {[%clk 0:10:01]}  e6 {[%clk 0:09:59]} 2. g3 {[%clk 0:09:54]}  b5 {[%clk 0:09:59]} 3. d3 {[%clk 0:09:51]}  Bb7 {[%clk 0:09:53]} 4. e4 {[%clk 0:09:52]}  d6 {[%clk 0:09:54]} 5. c3 {[%clk 0:09:51]}  Nd7 {[%clk 0:09:26]} 6. a4 {[%clk 0:09:47]}  a6 {[%clk 0:08:37]} 7. Na3 {[%clk 0:09:47]}  b4 {[%clk 0:07:17]} 8. Nc4 {[%clk 0:09:10]}  a5 {[%clk 0:06:36]} 9. Bg2 {[%clk 0:09:09]}  Ngf6 {[%clk 0:06:33]} 10. O-O {[%clk 0:08:58]}  Be7 {[%clk 0:06:33]} 11. Nd4 {[%clk 0:08:36]}  O-O {[%clk 0:06:09]} 12. Nb3 {[%clk 0:06:21]}  c5 {[%clk 0:04:56]} 13. e5 {[%clk 0:06:20]}  Bxg2 {[%clk 0:04:55]} 14. exf6 {[%clk 0:06:21]}  Bxf1 {[%clk 0:04:57]} 15. fxe7 {[%clk 0:06:22]}  Qxe7 {[%clk 0:04:59]} 16. Qxf1 {[%clk 0:06:23]}  d5 {[%clk 0:03:51]} 17. Ncxa5 {[%clk 0:06:10]}  bxc3 {[%clk 0:03:51]} 18. bxc3 {[%clk 0:06:06]}  Qd8 {[%clk 0:03:47]} 19. c4 {[%clk 0:05:05]}  Rxa5 {[%clk 0:03:42]} 20. Nxa5 {[%clk 0:05:05]}  Qxa5 {[%clk 0:03:44]} 21. cxd5 {[%clk 0:05:01]}  exd5 {[%clk 0:03:42]} 22. Bf4 {[%clk 0:05:01]}  h6 {[%clk 0:03:00]} 23. Qh3 {[%clk 0:04:40]}  Qc3 {[%clk 0:02:30]} 24. Rc1 {[%clk 0:04:39]} 1-0


[Site "Internet"]

[Event "Chessable Masters - Torneo preliminare"]
[White "Fressinet, Laurent"]
[Black "Neiksans, Arturs"]
[WhiteFideId "608742"]
[BlackFideId "11601388"]
[WhiteElo "2689"]
[BlackElo "2553"]
[Result "1-0"]
[Round "4"]
[TimeControl "600+2"]
[Date "2023.03.13"]
[WhiteClock "0:00:31"]
[BlackClock "0:00:33"]

1. d4 {[%clk 0:10:01]}  Nf6 {[%clk 0:09:41]} 2. Nf3 {[%clk 0:10:00]}  e6 {[%clk 0:09:41]} 3. Bg5 {[%clk 0:09:59]}  h6 {[%clk 0:09:38]} 4. Bh4 {[%clk 0:09:59]}  b6 {[%clk 0:09:31]} 5. Nbd2 {[%clk 0:09:50]}  Bb7 {[%clk 0:09:32]} 6. e3 {[%clk 0:09:42]}  d6 {[%clk 0:09:15]} 7. a4 {[%clk 0:09:32]}  a6 {[%clk 0:09:09]} 8. a5 {[%clk 0:09:25]}  b5 {[%clk 0:09:09]} 9. c4 {[%clk 0:09:25]}  bxc4 {[%clk 0:08:25]} 10. Bxc4 {[%clk 0:09:23]}  g5 {[%clk 0:08:11]} 11. Bg3 {[%clk 0:09:20]}  g4 {[%clk 0:07:49]} 12. Nh4 {[%clk 0:09:07]}  Be7 {[%clk 0:07:48]} 13. O-O {[%clk 0:08:16]}  h5 {[%clk 0:07:42]} 14. Qb3 {[%clk 0:07:45]}  Bc6 {[%clk 0:06:38]} 15. Rac1 {[%clk 0:06:38]}  Nfd7 {[%clk 0:05:32]} 16. Nf5 {[%clk 0:05:40]}  exf5 {[%clk 0:05:15]} 17. Bxf7+ {[%clk 0:05:39]}  Kf8 {[%clk 0:05:16]} 18. Bg6 {[%clk 0:04:08]}  Kg7 {[%clk 0:04:33]} 19. Qf7+ {[%clk 0:03:52]}  Kh6 {[%clk 0:04:34]} 20. Bxf5 {[%clk 0:03:50]}  Qe8 {[%clk 0:04:10]} 21. Qxe8 {[%clk 0:02:55]}  Rxe8 {[%clk 0:04:10]} 22. Rxc6 {[%clk 0:02:56]}  Nxc6 {[%clk 0:03:20]} 23. Bxd7 {[%clk 0:02:55]}  Nb4 {[%clk 0:03:15]} 24. Bxe8 {[%clk 0:02:47]}  Rxe8 {[%clk 0:03:16]} 25. Rc1 {[%clk 0:02:21]}  c5 {[%clk 0:03:00]} 26. dxc5 {[%clk 0:02:00]}  dxc5 {[%clk 0:03:01]} 27. Nc4 {[%clk 0:01:59]}  Rd8 {[%clk 0:02:46]} 28. Kf1 {[%clk 0:01:57]}  Rd3 {[%clk 0:02:42]} 29. Ke2 {[%clk 0:01:49]}  Bf6 {[%clk 0:02:41]} 30. Be5 {[%clk 0:01:29]}  Bxe5 {[%clk 0:01:25]} 31. Nxe5 {[%clk 0:01:31]}  Rd5 {[%clk 0:01:26]} 32. Nc4 {[%clk 0:01:28]}  Rd3 {[%clk 0:01:28]} 33. Rc3 {[%clk 0:01:12]}  Rd8 {[%clk 0:01:25]} 34. Nb6 {[%clk 0:01:01]}  h4 {[%clk 0:00:54]} 35. Rxc5 {[%clk 0:00:50]}  Nd3 {[%clk 0:00:42]} 36. Rc2 {[%clk 0:00:43]}  Ne5 {[%clk 0:00:32]} 37. Nc4 {[%clk 0:00:33]}  Nc6 {[%clk 0:00:33]} 38. Rd2 {[%clk 0:00:33]}  Rc8 {[%clk 0:00:33]} 39. Rd6+ {[%clk 0:00:31]}  Kh5 {[%clk 0:00:34]} 40. Rd5+ {[%clk 0:00:30]}  Kh6 {[%clk 0:00:33]} 41. Rc5 {[%clk 0:00:31]} 1-0


[Site "Internet"]